| 000 | 01564nam0a2200373 4500 | ||
|---|---|---|---|
| 001 | RU\NLR\BIBL_A\022074202 | ||
| 005 | 20240123103711.0 | ||
| 010 |
_a978-5-6049372-0-4 _9120 |
||
| 021 |
_aRU _bКН-П-23-065457 _9КН-П-23-6659 |
||
| 035 | _a(NLR Aleph) 022074202 | ||
| 035 | _a(RuMoRGB)012224005 | ||
| 090 |
_a12669354 _c12669354 |
||
| 100 | _a20231116d2023 u y0rusy50 ca | ||
| 101 | 0 | _arus | |
| 102 | _aRU | ||
| 105 | _aac z 000zy | ||
| 181 | 0 |
_ai _baxxe |
|
| 182 | 0 | _an | |
| 200 | 1 |
_aЧтобы помнили… _eзабытые краеведы Каргополья _eсборник _fСергей Рягузов |
|
| 203 |
_aТекст _bвизуальный _cнепосредственный |
||
| 210 |
_aАрхангельск _cЛоция _aКаргополь _c[б. и.] _d2023 |
||
| 215 |
_a167 с., [2] л. ил., цв. ил. _cил., портр., факс. _d22 |
||
| 300 | _aПри финансовой поддержке администрации Каргопольского муниципального округа | ||
| 320 | _aБиблиогр. в подстроч. примеч. | ||
| 333 | _a16+ | ||
| 606 | 1 |
_aКраеведение историческое _yАрхангельская область _2nlr_sh1 _2nlr_sh2 _3RU\NLR\AUTH\661267222 |
|
| 675 |
_a908(470.11)(092) _v4 |
||
| 686 | 1 | _aТ3(2Р-4Арх)7,02 | |
| 686 | 1 | _aД891(2)д | |
| 700 | 1 |
_aРягузов _bС. С. _gСергей Сергеевич |
|
| 942 | _cBOOK | ||
| 980 | _aNB | ||